| 000 | 00622 a2200181 4500 | ||
|---|---|---|---|
| 001 | 068525 | ||
| 003 | OSt | ||
| 005 | 20220218161535.0 | ||
| 008 | |||
| 082 |
_a519.4 _bF92F |
||
| 245 | 1 |
_aFrontiers in numerical analysis _cedited by J.F. Blowey and A.W. Craig |
|
| 260 |
_aNew York _bSpringer _c2005 |
||
| 300 | _a262p. | ||
| 653 | _aNumerical analysis; Computer science--Mathematics; Mathematics; Computer science; Global analysis (Mathematics); Physics; Engineering; Computational intelligence | ||
| 700 |
_aBlowey, J.F. _eEditor |
||
| 700 |
_aCraig, A.W. _eEditor |
||
| 942 |
_2ddc _cBK |
||
| 999 |
_c2181 _d2181 |
||